000 00250nam a2200109Ia 4500
008 190914s9999||||xx |||||||||||||| ||und||
100 _aHamdy A. Taha
245 0 _aOperations Research
260 _aIndia
_bDorling
_c2001
300 _a388
942 _cBK
999 _c9985
_d9985